Normal view
MARC view
- India
Entry Geographic Name
001 - CONTROL NUMBER
- control field: 12977
003 - CONTROL NUMBER IDENTIFIER
- control field: NUST
005 - DATE AND TIME OF LATEST TRANSACTION
- control field: 20190104094119.0
008 - FIXED-LENGTH DATA ELEMENTS
- fixed length control field: 190104|| aca||aabn | a|a d
040 ## - CATALOGING SOURCE
- Original cataloging agency: NUST
- Transcribing agency: NUST
151 ## - HEADING--GEOGRAPHIC NAME
- Geographic name: India
- General subdivision: History
- Chronological subdivision: Partition, 1947
- Form subdivision: Fiction.
670 ## - SOURCE DATA FOUND
- Source citation: Work cat.: (NUST)0: Khushwant Singh, 1915-2014. 12976, Train to Pakistan /, 1981.
